Loading...
The Global Business Environment Meeting The Challenges
| Main Author: | |
|---|---|
| Format: | Printed Book |
| Language: | Undetermined English |
| Published: |
New York
Palgrave Macmillan
2012
|
| Edition: | 3rd |
| Subjects: |
| LEADER | 00629nam a2200193Ia 4500 | ||
|---|---|---|---|
| 008 | 140306s9999 xx 000 0 und d | ||
| 020 | |a 9780230395091 | ||
| 041 | |a eng | ||
| 082 | |a 338.8 |b MOR/GL | ||
| 100 | |a Morrison, Janet | ||
| 245 | |a The Global Business Environment Meeting The Challenges | ||
| 250 | |a 3rd | ||
| 260 | |a New York |b Palgrave Macmillan |c 2012 | ||
| 300 | |a 486 | ||
| 365 | |b Rs.820.18/- | ||
| 650 | |a International Trade and Global Competition | ||
| 942 | |2 ddc |c BK | ||
| 999 | |c 188348 |d 188348 | ||
| 952 | |0 0 |1 0 |2 ddc |4 0 |6 338_800000000000000_MOR_GL |7 0 |9 194492 |a KAUCBV |b KAUCBV |g 820.18 |o 338.8 MOR/GL |r 2014-03-22 |w 2014-03-22 |y BK | ||